| 000 | 01131cam a22003377a 4500 | ||
|---|---|---|---|
| 003 | CHAP | ||
| 005 | 20220329135118.0 | ||
| 008 | 971013s1983 r 00010 d | ||
| 010 | _a31105 | ||
| 011 | _a32077 | ||
| 035 | _a36189 | ||
| 040 | _cCHAP | ||
| 082 |
_a510 _bL8Y |
||
| 100 | 0 | 0 |
_aLombardo Radice, Lucio. _967514 |
| 245 | 1 | 3 | _aLa matemática de Pitágoras a Newton |
| 260 |
_aBarcelona : _bLaia, _c1983 |
||
| 300 |
_a116 p. _b: ilus. ; gráfs. |
||
| 490 | 0 |
_aPapel 451 _v; 57 |
|
| 590 |
_aBATCH-UPD _b10 _c20130110 _lUCH01 _h0101 |
||
| 590 |
_aBATCH-UPD _b10 _c20130110 _lUCH01 _h2107 |
||
| 590 |
_aBATCH-UPD _b10 _c20130410 _lUCH01 _h1419 |
||
| 590 |
_aBATCH-UPD _b10 _c20130914 _lUCH01 _h1729 |
||
| 590 |
_aCONVERSION _b10 _c20130109 _lUCH01 _h1318 |
||
| 650 | 1 | 4 |
_aMatemáticas _xHistoria. _972907 |
| 830 | 0 |
_aPapel 451 _v; 57 _985388 |
|
| 901 | _aBK | ||
| 942 | _cLIBRO | ||
| 949 |
_a510 L8Y _bBC _cLIBRO _d33724000116315 _eLIBRO _fc.3 _gI.c/e _h64624 _i36189 _si |
||
| 949 |
_a510 L8Y _bBC _cLIBRO _d33724000136925 _eLIBRO _gI.c/e _h64622 _i36189 _si |
||
| 949 |
_a510 L8Y _bBC _cLIBRO _d33724000137162 _eLIBRO _fc.2 _gI.c/e _h64623 _i36189 _si |
||
| 999 |
_c31105 _d31105 |
||